000 00870nam a2200253 i 4500
001 bg
100 1 _aKASIŃSKI, Andrzej
245 1 0 _aMetody syntezy chwytu dla autonomicznych systemów manipulacyjnych /
_cAndrzej Kasiński.
260 _aPoznań :
_bWydaw. PP,
_c1998.
300 _a138, [1] s. :
_brys., wykr. ;
_c24 cm.
490 1 _aRozprawy / Politechnika Poznańska,
_x0551-6528 ;
_vNr 327
504 _aBibliogr. s. 121-129 i 138. - Summ.
650 9 _aAutomaty
_xmechanika
650 9 _aAutomaty
_xteoria
650 9 _aKinematyka
_xzagadnienia
650 9 _aModele matematyczne
_xstosowanie
_xtechnika
710 0 _aPOLITECHNIKA POZNAŃSKA (Poznań)
830 0 _aRozprawy (Politechnika Poznańska) ;
_vNr 327
040 _cBPK
041 0 _apl
_ben
080 _a007.5:681.5.001.57:531.1:51
942 _cKS
008 s pl f |000 0 pol
999 _c32908
_d32908
856 _uhttp://koha.tu.koszalin.pl/cgi-bin/koha/opac-detail.pl?biblionumber=32908
_yKatalog online BPK